Výskum oblastne diferencovaných efektov hlavných faktorov rastu racionalizácie poľnohospodárskej a potravinárskej výroby etapová úloha SPEV

Enregistré dans:
Détails bibliographiques
Format: Livre
Langue:slovaque
Publié: Bratislava Výskumný ústav ekonomiky poľnohospodárstva a potravinárstva 1984
Tags: Ajouter un tag
Pas de tags, Soyez le premier à ajouter un tag!

MARC

LEADER 00000nam a2200000 4500
001 c106919
005 20221128071701.0
041 0 |a slo 
044 |a SK 
245 1 0 |a Výskum oblastne diferencovaných efektov hlavných faktorov rastu racionalizácie poľnohospodárskej a potravinárskej výroby  |b etapová úloha SPEV 
264 1 |a Bratislava  |b Výskumný ústav ekonomiky poľnohospodárstva a potravinárstva  |c 1984 
300 |a 53 s.